Moderné trendy v distribúcii a ich vplyv na zvyšovanie kvality logistických služieb bakalárska práca

Gespeichert in:
Bibliographische Detailangaben
1. Verfasser: Oriešková, Simona
Körperschaft: Obchodná fakulta EU. Katedra marketingu
Weitere Verfasser: Vernerová, Dominika, 1994-
Format: Buch
Sprache:Slowakisch
Veröffentlicht: Bratislava 2021
Tags: Tag hinzufügen
Keine Tags, Fügen Sie das erste Tag hinzu!

MARC

LEADER 00000nbm a2200000 4500
001 0276014
005 20220127122334.9
041 0 |a slo 
044 |a SK 
245 1 0 |a Moderné trendy v distribúcii a ich vplyv na zvyšovanie kvality logistických služieb  |b bakalárska práca  |c Simona Oriešková ; školiteľ: Dominika Vernerová 
264 1 |a Bratislava  |c 2021 
300 |a 61 s. 
100 1 |a Oriešková, Simona 
700 1 |a Vernerová, Dominika, 1994- 
710 2 |a Obchodná fakulta EU. Katedra marketingu